Statistics for Global Language Vocabulary- E

Click here to take the quiz!

General Stats

  • This quiz has been taken 115 times
  • The average score is 3 of 12

Answer Stats

LanguageAnswer% Correct
EnglishEarth
100%
ItalianTerra
66%
RussianЗемля, zemlya
21%
Chinese (Simplified地球, dìqiú
16%
DanishJorden
16%
GreekΓη, gi
14%
AfrikaansAarde
13%
HungarianFöld
9%
Persianزمین, zameen
8%
Malayalamഭൂമി, bhoomi
7%
YorubaIle aye
5%
Sinhalaපොළොවේ, poḷovē
4%

Score Distribution

Percentile by Number Answered

Percent of People with Each Score

Your Score History

You have not taken this quiz